| 000 | 01163pam a2200337 a 4500 | ||
|---|---|---|---|
| 001 | 3469444 | ||
| 003 | OSt | ||
| 005 | 20140310181637.0 | ||
| 008 | 930624s1993 maua bf 001 0 eng | ||
| 010 | _a 93025696 | ||
| 020 | _a0205153682 | ||
| 040 |
_aDLC _cDLC _dDLC |
||
| 043 | _an-us--- | ||
| 050 | 0 | 0 |
_aLB 2822.5 _b.H893 1994 |
| 082 | 0 | 0 |
_aTR 372.12 _bH874 1994 |
| 100 | 1 |
_aHughes, Larry W., _d1931- |
|
| 245 | 1 | 4 |
_aThe elementary principal's handbook : _ba guide to effective action / _cLarry W. Hughes, Gerald C. Ubben. |
| 250 | _a4th ed. | ||
| 260 |
_aMassachusetts : _bAllyn and Bacon, _cc1994. |
||
| 300 |
_axii, 379 p. : _bill. ; _c25 cm. |
||
| 504 | _aIncludes bibliographical references and index. | ||
| 521 | _aFaculty | ||
| 541 | _j1 | ||
| 562 | _e1 | ||
| 650 | 0 |
_aElementary school administration _zUnited States _xHandbooks, manuals, etc. |
|
| 650 | 0 |
_aElementary school principals _zUnited States _xHandbooks, manuals, etc. |
|
| 700 | 1 | _aUbben, Gerald C. | |
| 906 |
_a7 _bcbc _corignew _d1 _eocip _f19 _gy-gencatlg |
||
| 942 |
_2lcc _cBK-TR _kTR |
||
| 999 |
_c721 _d721 |
||